000 00711nam a22002177a 4500
008 240702b mp ||||| |||| 00| 0 mon d
035 _a24965
040 _aZA2481090
_bmon
_cMN-UlNLM
_dMN-UlNLM
_erda
041 _amon
042 _a55169
084 _2NNA
_a84/4ИхБр/-44
_bД-401
100 _aДефо Д.
245 0 _aРобинзон крузо
264 _aулаанбаатар
_bИх билигт ХХК
_c2007
300 _a245х.
336 _2rdacontent
_atext
_btxt
337 _2rdamedia
_aunmediated
_bn
338 _2rdacarrier
_avolume
_bnc
650 _aТэнгис дээрх анхны тохиолдол, Зэрлэг хүмүүстэй уулзсан нь
942 _2NNA
_cBK
999 _c1092879
_d1092936